|
|
|
|
| LEADER |
00000nam0a2200000 4500 |
| 001 |
115368 |
| 005 |
20231031122611.0 |
| 035 |
|
|
|a (RuTPU)RU\TPU\book\124768
|
| 090 |
|
|
|a 115368
|
| 100 |
|
|
|a 20070507d1976 k y0rusy50 ca
|
| 101 |
0 |
|
|a rus
|
| 102 |
|
|
|a BY
|
| 105 |
|
|
|a a z 001zy
|
| 200 |
1 |
|
|a Трение и износ материалов на основе полимеров
|f В. А. Белый [и др.]
|g Академия наук Белорусской ССР (АН БССР), Институт механики металлополимерных систем
|
| 210 |
|
|
|a Минск
|c Наука и техника
|d 1976
|
| 215 |
|
|
|a 432 с.
|c ил.
|
| 320 |
|
|
|a Библиография в конце глав.
|
| 610 |
1 |
|
|a металлополимеры
|
| 610 |
1 |
|
|a трение
|
| 610 |
1 |
|
|a износ
|
| 610 |
1 |
|
|a эксплуатационные факторы
|
| 610 |
1 |
|
|a влияние
|
| 610 |
1 |
|
|a фрикционный контакт
|
| 610 |
1 |
|
|a структура
|
| 610 |
1 |
|
|a фрикционный перенос
|
| 610 |
1 |
|
|a узлы трения
|
| 675 |
|
|
|a 678.5.067.6.01
|v 3
|
| 675 |
|
|
|a 539.6
|v 3
|
| 701 |
|
1 |
|a Белый
|b В. А.
|g Владимир Алексеевич
|
| 701 |
|
1 |
|a Свириденок
|b А. И.
|g Анатолий Иванович
|
| 701 |
|
1 |
|a Петроковец
|b М. И.
|g Марк Иосифович
|
| 701 |
|
1 |
|a Савкин
|b В. Г.
|
| 712 |
0 |
2 |
|a Академия наук Белорусской ССР (АН БССР)
|b Институт механики металлополимерных систем
|2 stltpush
|3 (RuTPU)RU\TPU\col\12159
|
| 801 |
|
1 |
|a RU
|b 63413507
|c 20070507
|g PSBO
|
| 801 |
|
2 |
|a RU
|b 63413507
|c 20190828
|g PSBO
|
| 942 |
|
|
|c BK
|